• 首页
  • 本馆介绍
  • 公告通知
  • 最新文献
  • 馆藏检索
  • 电子资源
  • 读者导购
  • 参考咨询
  • 我的图书馆
  • 登录
  • 详细信息显示
  • 放入我的书架
  • 预约/预借图书
  • 作者相关作品
  • 分类相关作品
  • 丛书相关作品
  • 出版社相关作品

书目信息

  • 表格格式
  • 工作单格式
  • 卡片格式
题名:
唐山皮影
    
 
作者: 许德茂 主编 ;成贵民执行 主编
分册:  
出版信息: 长春   吉林摄影出版社  2005
页数: 116页
开本: 29cm
丛书名:
单 册:
中图分类: J827
科图分类:
主题词: 戏剧--艺术--中国
电子资源:
ISBN: 7-80606-738-8
000 00698nam0 2200217 450
001 0931455921
005 20090701084930.78
010    @a7-80606-738-8@b精装@dCNY398.00
100    @a20090701d2005 km y0chiy0120 ea
101 0  @achi
102    @aCN
200 1  @a唐山皮影@Atang shan pi ying@f许德茂主编@Fxu de mao zhu bian@g成贵民执行主编@Gcheng gui min zhi xing zhu bian
210    @a长春@c吉林摄影出版社@d2005
215    @a116页@d29cm
300    @a唐山知名作家捐赠图书
606 0  @a戏剧@x艺术@x中国
690    @aJ827@v4
701  0 @a许德茂@Axu de mao@4主编
702  0 @a成贵民执行@Acheng gui min zhi xing@4主编
801  0 @aCN@b大连网信软件有限公司图书馆·11@c20090701
905    @aZUCC@dJ827@e108
    
    唐山皮影/许德茂主编/成贵民执行主编.-长春:吉林摄影出版社,2005
    116页;29cm
    唐山知名作家捐赠图书
    
    ISBN 7-80606-738-8(精装):CNY398.00
    
●
相关链接 在E读中查询图书 在五车中查询图书 在当当中查询图书 在豆瓣中查询图书


正题名:唐山皮影     索取号:J827/108         预约/预借

序号 登录号 条形码 馆藏地/架位号 状态 备注
1 0627046   206270462   古籍典藏专区/ [索取号:J827/108] 在馆    
2 0627047   206270471   第一样本阅览室/ [索取号:J827/108] 在馆    
唐山师范学院图书馆 欢迎您!
大连网信软件有限公司© 版权所有